| 000 | 00370nam a2200133Ia 4500 | ||
|---|---|---|---|
| 008 | 231129s9999||||xx |||||||||||||| ||spa|| | ||
| 020 | _a84-8280-861-3 | ||
| 040 | _bspa | ||
| 082 | _aM863 F363p | ||
| 100 | _aFernandez de Lizardi Jose J | ||
| 245 | 0 | _aEl periquillo sarniento I y II | |
| 264 | _aLa Oveja Negra | ||
| 942 |
_2ddc _cBKS |
||
| 999 |
_c12059 _d12059 |
||